Аджаро-Триалетская складчатая система (Запись № 6319935)

Подробности
000 -МАРКЕР
контрольное поле 01462nam0a22002891 4500
001 - ИДЕНТИФИКАТОР ЗАПИСИ
контрольное поле rc\2914079
005 - ИДЕНТИФИКАТОР ВЕРСИИ
контрольное поле 20250529223143.0
035 ## - ДРУГИЕ СИСТЕМНЫЕ НОМЕРА
Идентификатор записи (NLR Aleph) 007064595
100 ## - ДАННЫЕ ОБЩЕЙ ОБРАБОТКИ
Данные общей обработки 20110809d1937 |||y0rusy50 ca
101 0# - ЯЗЫК РЕСУРСА
Язык текста, звукозаписи и т.д. русский
102 ## - СТРАНА ПУБЛИКАЦИИ ИЛИ ПРОИЗВОДСТВА
Страна публикации Российская Федерация
105 ## - ПОЛЕ КОДИРОВАННЫХ ДАННЫХ: ТЕКСТОВЫЕ МАТЕРИАЛЫ, МОНОГРАФИЧЕСКИЕ
Кодированные данные о монографическом текстовом документе ab z |||||
200 1# - ЗАГЛАВИЕ И СВЕДЕНИЯ ОБ ОТВЕТСТВЕННОСТИ
Основное заглавие Аджаро-Триалетская складчатая система
Первые сведения об ответственности С.С. Кузнецов
210 ## - ПУБЛИКАЦИЯ, РАСПРОСТРАНЕНИЕ И ДР.
Место издания, распространения и т.д. Москва
-- Ленинград
Имя издателя, распространителя и т. д. Б. и.
Дата издания, распространения и т.д. 1937
Место изготовления Москва
Имя изготовителя тип. артели "Печатня"
215 ## - ФИЗИЧЕСКАЯ ХАРАКТЕРИСТИКА
Специфическое обозначение материала и объем 184 с., 7 л. ил., карт.
Другие сведения о физической характеристике табл., ил.
Размеры 26 см
225 1# - СЕРИЯ
Основное заглавие серии Серия Закавказская
Сведения об ответственности Акад. наук Союза сов. социалист. респ. Сов. по изучению производительных сил и Петрогр. ин-т им. Ф.Ю. Левинсон-Лессинга
Обозначение тома Вып. 22
-- 4
Основное заглавие серии Материалы по геологии и петрографии ССР Грузии
300 ## - ОБЩИЕ ПРИМЕЧАНИЯ
Текст примечания Загл. на рус. и груз. яз.
300 ## - ОБЩИЕ ПРИМЕЧАНИЯ
Текст примечания Доб. тит. л. на фр. яз.
300 ## - ОБЩИЕ ПРИМЕЧАНИЯ
Текст примечания Резюме на фр. и груз. яз.
320 ## - ПРИМЕЧАНИЯ О НАЛИЧИИ В ДОКУМЕНТЕ БИБЛИОГРАФИИ / УКАЗАТЕЛЯ
Текст примечания Библиогр.: с. 167-171
700 #1 - ИМЯ ЛИЦА - ПЕРВИЧНАЯ ОТВЕТСТВЕННОСТЬ
Начальный элемент ввода Кузнецов
Часть имени, кроме начального элемента ввода С. С.
Дополнения к именам, кроме дат д-р геол.-минерал. наук
Даты 1892-1988
Расширение инициалов личного имени Сергей Сергеевич
Системный номер авторитетной/нормативной записи 181228
Идентификатор авторитетной/нормативной записи RU\NLR\AUTH\770181279
801 #0 - ИСТОЧНИК ЗАПИСИ
Страна Российская Федерация
Организация NLR
Правила каталогизации psbo
801 #1 - ИСТОЧНИК ЗАПИСИ
Страна Российская Федерация
Организация ELAR
Источник данных rusmarc
852 ## - МЕСТОНАХОЖДЕНИЕ И ШИФР ХРАНЕНИЯ
Идентификатор организации NLR
Шифр хранения (Call Number) 31-19/590(22)
942 ## - ДОПОЛНИТЕЛЬНЫЕ ЭЛЕМЕНТЫ ЗАПИСИ (АБИС)
Тип экземпляра АБИС Книга
980 ## - КОЛЛЕКЦИЯ
Название коллекции Национальная библиография
Экземпляры
Тип экземпляра Дата поступления Библиотека постоянного хранения Библиотека текущего хранения Место хранения Шифр хранения Штрих-код Статус экземпляра
Книга 26.10.2013 РНБ (Садовая) РНБ (Садовая) Русский книжный фонд -Главное здание, Ленинский читальный зал 31-19/590(22) 7064595-10